Vagamundo y otros relatos /

Guardado en:
Autor Principal: Galeano, Eduardo
Formato: Libro
Publicado: Buenos Aires : Siglo Veintiuno, 2010
Series:Biblioteca Eduardo Galeano
Materias:
Etiquetas: Agregar Etiqueta
Sin Etiquetas, Sea el primero en etiquetar este registro!
LEADER 01351nam a22002175a 4500
001 CEM.cems014599
005 20150508170650.0
008 130507s2010##################000#0#####d
003 CEMS
020 |a 9789876291453 
082 0 4 |a U868.4 
100 1 |a Galeano, Eduardo 
245 1 0 |a Vagamundo y otros relatos /  |c Eduardo Galeano 
260 |a Buenos Aires :  |b Siglo Veintiuno,  |c 2010 
300 |a 160 p. 
490 0 |a Biblioteca Eduardo Galeano 
505 0 |a Gurises -- Secreto a la caída de la tarde -- El pequeño rey zaparrastraso -- El deseo y el mundo -- El mosntruo amigo mío -- Metejones -- Homre que bebe solo -- Confesión del artista -- Garúa -- Mujer que dice chau -- Andares -- Tener dos piernas me parece poco -- Noel -- Ceremonia -- La tierra nos puede comer cuando quiera -- Los soles de la noche -- Ellos venían desde lejos -- Torist guide -- El esperado -- Banderas -- Las fuentes -- La iniciación -- Donde ella estaba ocurría el verano -- Te cuento un cuento de Babalú -- La ciudad como un tigre -- Morir -- Los sobrevivientes -- Una bala caliente -- La pasión -- Otros relatos -- La muchacha del tajo en el mentón -- Cenizas -- Los vientos rabiosos del sur -- Lo demás es mentira 
653 |a Literatura 
653 |a Literatura uruguaya 
653 |a Relatos 
859 |a CEMS  |b BIB. CEMS - 11 de abril  |h U868.4  |i G131-6  |p 27169.15  |t Ej.1